000 02130nam a2200325Ia 4500
001 PSP0NE10576PDF
003 BD-DhSAU
005 20151012144309.0
006 m|||||o||d||||||||
007 cr||||
008 120329s2010 si a sb 001 0 eng d
020 _a9789814267540 (ebook : PDF)
040 _aBD-DhSAU
_cBD-DhSAU
090 _aQP623
_b.M527 2010
092 _a616.9
_bM626
245 0 0 _aMicroRNA profiling in cancer
_h[electronic resource] :
_ba bioinformatics perspective /
_cedited by Yuriy Gusev.
260 _aSingapore :
_bPan Stanford Pub.,
_cc2010.
300 _axii, 257 p. :
_bill. (some col.).
504 _aIncludes bibliographical references and index.
505 0 _aMeasurement and interpretation of microRNA expression profiles / Bo Curry and Robert Ach -- MicroRNA expression analysis by LNA enhanced microarrays / Rolf Sokilde ... [et al.]. -- Analysis and QC for real-time OPCR arrays of human microRNAs / Dirk P. Ditmer ... [et al.]. -- Massively parallel microRNA profiling in the haematologic malignancies / Ryan D. Morin ... [et al.]. -- Who dunit? microRNAs involved in prostate cancer / Chang Hee Kim -- Intronic microRNA : creation, evolution and regulation / Sailen Barik and Titus Barik -- miRome architechture and genomic instability / Konrad Huppi ... [et al.]. -- Interconnection of microRNA and transcription factor-mediated regulatory networks / Yiming Zhou -- Analysis of microRNA profiling data with systems biology tools / Yuriy Gusev ... [et al.]. -- Mathematical and computational modeling of post-transriptional gene regulation by microRNAs / Raya Khanin and Desmond J. Higham.
530 _aAlso available in print edition.
538 _aMode of access: World Wide Web.
650 0 _aNon-coding RNA.
650 0 _aCancer
_xGenetic aspects.
650 0 _aGenetic regulation.
655 7 _aElectronic books.
_2lcsh
700 1 _aGusev, Yuriy.
776 1 _z9789814267014 (hardback)
_z9814267015 (hardback)
856 4 0 _uhttp://marc.crcnetbase.com/isbn/9789814267540
_qapplication/PDF
999 _c12019
_d12018